| 000 | 00406nab a22001097u 4500 | ||
|---|---|---|---|
| 008 | 130520b2004 xxu||||| |||| 00| 0 ita d | ||
| 041 | _aita | ||
| 100 | 1 |
_aBurke, Kevin F. _961027 |
|
| 245 | 0 | 0 |
_aViolenza e cammino di pace. la visione morale e la testimonianza teologica di Ignazio Ellacuría _cKevin F. Burke |
| 773 | 0 |
_tRassegna di Teologia _gV.45, nº2,2004,págs. 165-188 _x0033-9644 _wRev335 |
|
| 942 | _cAR | ||
| 999 |
_c332274 _d332274 |
||